00488 2200193 4500001002100000005001500021008004100036020001800077035001900095041000700114082000800121090001400129100001800143245004400161260003200205300003000237500000600267650002100273INLIS00000000000230120241224112519241224||||||||| | ||| |||| || |  a979-692-205-3 0010-1224002301 aen0 a607 a607 SAL p0 aM. Saleh Emha00aPedoman Penggunaan Laboratorium Sekolah bpt. Remaja rosdakaryac2002 aiv, 60 hlm.; ilus.: 21 cm a1 0aIlmu Pengetahuan